000 00305nam a22001217a 4500
008 180814b xxu||||| |||| 00| 0 eng d
041 _aeng
080 _22 ED
_a616.053.2
100 _a8
101 _aPED
245 _aTHE PEDIATRIC ECHOCARDIOGRAPHERS POSKET REFERENCE
_cREYNOLDS.T
942 _2udc
_cBK
999 _c47158
_d47158